Men who loved me: a memoir in the form of a novel /

Salvato in:
Dettagli Bibliografici
Autore principale: Picano, Felice (Autore)
Natura: Libro
Lingua:inglese
Pubblicazione: New York : Hard Candy Books, 1994
Tags: Aggiungi Tag
Nessun Tag, puoi essere il primo ad aggiungerne!!

MARC

LEADER 00000nam a22000007i 4500
001 IT\ICCU\UBO\2259746
003 ItRI
005 20260115231834.0
008 030729s1994 xxu|||||| ||||| |||||c
020 |a 1563332744 
040 |b ita  |c importazione bologna sebina 
041 7 |a eng  |2 ISO-639-2 
100 1 |a Picano, Felice  |0 IT\ICCU\UBOV\813112  |4 aut 
245 1 0 |a Men who loved me: a memoir in the form of a novel /  |c Felice Picano. 
260 |a New York :  |b Hard Candy Books,  |c 1994 
300 |a 422 p. ;  |c 18 cm. 
942 |2 ddc  |c BK  |n 0 
952 |0 0  |1 0  |4 0  |6 DOC_813_540000000000000_PIC  |7 0  |9 13947  |a BO  |b BO  |d 2026-01-15  |i 7585  |l 0  |o DOC 813.54 PIC  |p BO7585  |r 2026-01-15 23:18:34  |w 2026-01-15  |x [Sebina 5] [1 v.]  |y BK  |z 1 v. 
999 |c 12007  |d 12007